000 00306nam a2200121Ia 4500
008 190216s9999||||xx |||||||||||||| ||und||
100 _aPullampara Shamsudhin
245 0 _aYousuf Nabium 11 Nakshathrangalum
260 _bAmina Book Stall
_c1988
300 _a124
650 _aIslamic History
942 _cBK
999 _c22258
_d22258